Selection of VOIP Codec’s for Different Networks Based on Quality of Service (QOS) Analysis (Record no. 217265)
[ view plain ]
| 000 -LEADER | |
|---|---|
| fixed length control field | 00476 a2200169 4500 |
| 003 - CONTROL NUMBER IDENTIFIER | |
| control field | Nust |
| 005 - DATE AND TIME OF LATEST TRANSACTION | |
| control field | 20170207171536.0 |
| 040 ## - CATALOGING SOURCE | |
| Transcribing agency | Nust |
| 082 ## - DEWEY DECIMAL CLASSIFICATION NUMBER | |
| Classification number | 621.382 |
| 100 ## - MAIN ENTRY--PERSONAL NAME | |
| Personal name | Ali, Malik Ahsan.(MSEE-17) |
| 245 ## - TITLE STATEMENT | |
| Title | Selection of VOIP Codec’s for Different Networks Based on Quality of Service (QOS) Analysis |
| Statement of responsibility, etc. | Malik Ahsan Ali |
| 260 ## - PUBLICATION, DISTRIBUTION, ETC. | |
| Place of publication, distribution, etc. | rawalpindi |
| Name of publisher, distributor, etc. | MCS,NUST |
| Date of publication, distribution, etc. | august,2015 |
| 300 ## - PHYSICAL DESCRIPTION | |
| Extent | xii,61p. |
| 538 ## - SYSTEM DETAILS NOTE | |
| System details note | Almirah No.69 Shelf No.5 |
| 650 ## - SUBJECT ADDED ENTRY--TOPICAL TERM | |
| Topical term or geographic name entry element | PG Thesis |
| 651 ## - SUBJECT ADDED ENTRY--GEOGRAPHIC NAME | |
| Geographic name | MSEE-17 |
| 942 ## - ADDED ENTRY ELEMENTS (KOHA) | |
| Koha item type | |
| Withdrawn status | Lost status | Source of classification or shelving scheme | Damaged status | Not for loan | Collection code | Permanent Location | Current Location | Date acquired | Total Checkouts | Full call number | Barcode | Date last seen | Price effective from | Koha item type | Shelving location |
|---|---|---|---|---|---|---|---|---|---|---|---|---|---|---|---|
| Central Library (CL) | Central Library (CL) | 11/09/2020 | 621.3 | CL-T-905 | 11/09/2020 | 11/09/2020 | Thesis | ||||||||
| Military College of Signals (MCS) | Military College of Signals (MCS) | 12/12/2016 | 621.382 ALI | MCSTEE-252 | 12/08/2016 | 12/12/2016 | Book |
